| LEADER |
01508nam0a2200205 450 |
| 001 |
16831982 |
| 010 |
|
|
|a 978-2-37632-030-2
|b br.
|d 14,95
|
| 100 |
|
|
|a 20190109d2019 u u0frey01 ba
|
| 101 |
1 |
|
|a fre
|c jpn
|
| 102 |
|
|
|a FR
|
| 200 |
0 |
|
|a Miraï, ma petite soeur
|f Mamoru Hosoda
|g traduit du japonais par Tomoko Seigneurgens
|
| 207 |
|
1 |
|a
|
| 210 |
|
|
|a [Boulogne]
|c Pika éd.
|d 2019
|
| 215 |
|
|
|a 1 vol. (240 p.)
|d 22 cm
|
| 330 |
|
|
|a Kun est un petit garçon à l'enfance heureuse jusqu'à l'arrivée de Miraï, sa petite soeur. Jaloux de ce bébé qui monopolise l'attention de ses parents, il se replie peu à peu sur lui-même. Au fond de son jardin, où il se réfugie souvent, se trouve un arbre généalo-magique. Soudain, Kun est propulsé dans un monde fantastique où vont se mêler passé et futur. Il rencontrera tour à tour ses proches à divers âges de leur vie : sa mère petite fille, son arrière grand-père dans sa trépidante jeunesse et sa petite soeur adolescente ! A travers ces aventures, Kun va découvrir sa propre histoire.Véritable ode à l'imagination la plus débordante, ce roman écrit par Mamoru Hosoda, réalisateur du film d'animation éponyme, illustre avec brio la puissance des liens familiaux qui transcendent le temps et l'espace.
|
| 700 |
|
0 |
|a Hosoda
|b Mamoru
|f 1967-....
|4 70
|
| 702 |
|
0 |
|a Seigneurgens
|b Tomoko
|4 730
|
| 900 |
|
|
|a Roman enfant
|
| 901 |
|
|
|a Accessible au prêt
|
| 995 |
|
|
|a Bibliothèque
|c Bibliothèque
|f 024019747
|h 024019747
|k E C3 HOS
|o p
|q j
|r az
|e Bibliothèque
|